[Event "Challenge"]
[Site "http://www.queenalice.com/game.php?id=961116"]
[Date "2011.7.16"]
[Round "-"]
[White "sbdias"]
[Black "vivi_jamile"]
[Result "1-0"]
[WhiteElo "1542"]
[BlackElo "1607"]

1. e4 e5 2. Nf3 d6 3. Bb5+ Bd7 4. Nc3 Nc6 5. O-O Qe7 6. Nd5 Qe6 7. Nxc7+ Kd8 8.
Nxe6+ Bxe6 9. d3 a6 10. Bg5+ Be7 11. Bc4 Nf6 12. Qd2 Kc8 13. b3 h6 14. Bxf6 Bxf6
15. Qe3 g5 16. c3 Na5 17. Qb6 Nxc4 18. bxc4 d5 19. cxd5 Bd8 20. Qc5+ Kd7 21.
Nxe5+ Ke8 22. dxe6 fxe6 23. Rab1 Be7 24. Qc7 Rd8 25. Ng6 Rh7 26. Rxb7 Rg7 27.
Nxe7 Rxe7 28. Qxe7# 1-0

[Event "Challenge"]
[Site "http://www.queenalice.com/game.php?id=963475"]
[Date "2011.7.22"]
[Round "-"]
[White "sbdias"]
[Black "juliojcjc"]
[Result "1-0"]
[WhiteElo "1661"]
[BlackElo "1469"]

1. e4 e6 2. Nf3 Qf6 3. d4 b6 4. Bb5 a6 5. e5 Qg6 6. Nh4 Qe4+ 7. Be3 Qxh4 8. Qf3
axb5 9. Qxa8 Nc6 10. Qxc8+ Nd8 11. Nd2 Ne7 12. Qa8 g6 13. O-O-O Nd5 14. Nf3 Qe4
15. Bg5 Be7 16. Rhe1 Bxg5+ 17. Nxg5 Qf4+ 18. Rd2 Qxg5 19. g3 Nb4 20. h4 Qg4 21.
c3 Nd5 22. Qa6 O-O 23. Qxb5 c6 24. Qd3 Nb7 25. Qa6 Nd8 26. Qc8 b5 27. Qxd7 Nb6
28. Qa7 Nc4 29. Rd3 Qh5 30. b3 Qh6+ 31. Kc2 Kg7 32. bxc4 bxc4 33. Rde3 g5 34.
hxg5 Qh2 35. R3e2 h6 36. Qe7 hxg5 37. Qxg5+ Kh7 38. Re4 Qxf2+ 39. R1e2 Qf5 40.
Rh2+ 1-0

[Event "Challenge"]
[Site "http://www.queenalice.com/game.php?id=965397"]
[Date "2011.7.27"]
[Round "-"]
[White "sbdias"]
[Black "amiltonb"]
[Result "1-0"]
[WhiteElo "1589"]
[BlackElo "1336"]

1. e4 Nf6 2. Nc3 c6 3. Nf3 d5 4. exd5 Nxd5 5. Bc4 g6 6. d4 Bg7 7. Ng5 h6 8. Nge4
f5 9. Nc5 b6 10. Nb3 Nd7 11. O-O b5 12. Bxd5 cxd5 13. Nxd5 Nf6 14. Nf4 Qd6 15.
Nxg6 Ng4 16. Nf4 O-O 17. Re1 Re8 18. c3 e5 19. f3 Bb7 20. Nc5 Re7 21. Qb3+ Kf8
22. Nce6+ Ke8 23. Qxb5+ Bc6 24. Qd3 exf4 25. Qxf5 Bxd4+ 26. cxd4 Qxd4+ 27. Be3
Nxe3 28. Nxd4 Nxf5 29. Nxf5 Re3 30. Nxe3 fxe3 31. Rxe3+ Kd7 32. Rd1+ Kc7 33.
Re7+ Kb6 34. h4 Rg8 35. Kf2 Re8 36. Rh7 Re6 37. g4 Bb5 38. Re1 Rd6 39. g5 hxg5
40. hxg5 Rd2+ 41. Kg3 1-0

[Event "Challenge"]
[Site "http://www.queenalice.com/game.php?id=965503"]
[Date "2011.7.27"]
[Round "-"]
[White "AMDias"]
[Black "sbdias"]
[Result "1/2-1/2"]
[WhiteElo "1100"]
[BlackElo "1526"]

1. e4 e5 2. Nf3 Nc6 3. Bb5 Nf6 4. Nc3 Bc5 5. a3 d6 6. d3 O-O 7. O-O Bg4 8. Bg5
Nd4 9. Nd5 h6 10. Qd2 Bxf3 11. Bxf6 gxf6 12. Qxh6 Be2 13. Bd7 f5 14. exf5 f6 15.
c3 c6 16. b4 cxd5 17. Qg6+ 1/2-1/2

[Event "Challenge"]
[Site "http://www.queenalice.com/game.php?id=966693"]
[Date "2011.7.30"]
[Round "-"]
[White "mibmiranda"]
[Black "sbdias"]
[Result "0-1"]
[WhiteElo "1276"]
[BlackElo "1526"]

1. Nc3 e5 2. d3 Bc5 3. Ne4 d6 4. e3 Bb4+ 5. Bd2 a5 6. a3 Bc5 7. Bc3 Nf6 8. Nf3
O-O 9. g3 Bg4 10. Bg2 Qd7 11. O-O Nxe4 12. dxe4 Re8 13. Rb1 Qc6 14. Qd3 Nd7 15.
Ng5 Nf6 16. Qc4 Be6 17. Qe2 Kf8 18. f4 Bg4 19. Bf3 Qd7 20. f5 h5 21. Rbe1 b5 22.
a4 bxa4 23. Qc4 Re7 24. h3 Bxf3 25. Rxf3 Qc6 26. g4 d5 27. exd5 Nxd5 28. Qe4 Bb6
29. gxh5 Qh6 30. Ne6+ fxe6 31. fxe6+ Kg8 32. Qxd5 Qg5+ 33. Kf1 Rc8 34. Bxe5 Qxh5
35. Rg3 Qf5+ 36. Kg1 Qxc2 37. Rf1 Rf8 38. Rgf3 Qg6+ 39. Bg3 Rf6 40. Qd8+ Qe8 41.
Qd5 c6 42. Qg5 Rexe6 43. Bf4 Rg6 44. Rg3 Rxg5 45. Bxg5 Bxe3+ 46. Kh1 Bd4 47. h4
Re3 48. Bxe3 Bxe3 49. Rf5 Qe4+ 50. Rgf3 Qxh4+ 51. Kg2 Qg4+ 52. Kf1 Qg1+ 53. Ke2
Bc5 54. R5f4 Bb4 55. Kd3 Qc1 56. Ke4 Qxb2 57. Kf5 Qf6+ 58. Kg4 Qg6+ 59. Kh4 Be7+
60. Kh3 Qc2 61. Rxa4 Qxa4 0-1

[Event "Challenge"]
[Site "http://www.queenalice.com/game.php?id=968412"]
[Date "2011.8.3"]
[Round "-"]
[White "sylviamm"]
[Black "sbdias"]
[Result "1-0"]
[WhiteElo "1201"]
[BlackElo "1602"]

1. e4 c5 2. e5 e6 3. Nf3 d6 4. c3 Qa5 5. d4 d5 6. g3 Be7 7. Bg5 Nc6 8. Nbd2 Bd7
9. Nb3 Qa4 10. Qd3 cxd4 11. cxd4 Qb4+ 12. Qd2 Qa4 13. Bxe7 Ngxe7 14. Nc5 Qa5 15.
Nb3 Qxd2+ 16. Nbxd2 Nb4 17. Kd1 O-O 18. Rc1 Ba4+ 19. b3 Bd7 20. Rc7 Rfd8 21.
Rxb7 Nxa2 22. Bd3 h6 23. Bb1 Nc3+ 24. Kc1 Nc6 25. Bd3 Na5 26. Rc7 Bc6 27. Re1 a6
28. b4 Na2+ 29. Kb2 Nxb4 30. Bf1 Rdb8 31. Ra1 Rb7 32. Rxb7 Nxb7 33. Ne1 a5 34.
Nd3 Rc8 35. Nc5 a4 36. Nd3 Na6 37. Rc1 Nd8 38. Nf4 Rb8+ 39. Ka3 Nc7 40. h4 Ne8
41. Rc5 Bd7 42. Bd3 g5 43. Ne2 gxh4 44. gxh4 Ng7 45. Nc3 Nf5 46. Bxf5 exf5 47.
Rxd5 Be6 48. Rc5 Ra8 49. d5 Nb7 50. Rc6 Na5 51. Rc5 Bc8 52. Nxa4 Bb7 53. d6 Bc6
54. Kb4 Bxa4 55. Rxa5 Bc6 56. Rxa8+ 1-0

[Event "Challenge"]
[Site "http://www.queenalice.com/game.php?id=971472"]
[Date "2011.8.11"]
[Round "-"]
[White "sbdias"]
[Black "brannach"]
[Result "1-0"]
[WhiteElo "1576"]
[BlackElo "1727"]

1. e4 c6 2. Nc3 d5 3. Nf3 Bg4 4. Be2 Bxf3 5. Bxf3 d4 6. Ne2 e5 7. d3 Bd6 8. a3
Ne7 9. Bg5 f6 10. Bh5+ g6 11. Bxf6 gxh5 12. Bxh8 Ng6 13. Bg7 Qg5 14. g3 Ne7 15.
Bh8 Nd7 16. f4 exf4 17. Nxf4 Bxf4 18. gxf4 Qh4+ 19. Ke2 Qg4+ 20. Kf2 Qh4+ 21.
Ke2 Qg4+ 22. Kf2 Qxf4+ 23. Qf3 Qd2+ 24. Qe2 Qf4+ 25. Qf3 Qxf3+ 26. Kxf3 c5 27.
Rhg1 Ng6 28. Bg7 O-O-O 29. b4 Rg8 30. Bh6 b6 31. Bd2 Rf8+ 32. Ke2 Rd8 33. Raf1
cxb4 34. axb4 Nde5 35. Rg5 h4 36. h3 Rd7 37. Bf4 Nc6 38. b5 Nb4 39. Kd2 Nxf4 40.
Rxf4 Rc7 41. Rg8+ Kb7 42. Rff8 Rxc2+ 43. Kd1 Rc3 44. Rg7+ Rc7 45. Rgg8 Rc3 46.
Rg7+ Rc7 47. Rff7 Rxf7 48. Rxf7+ Kc8 49. Kd2 a5 50. bxa6 Nxa6 51. e5 Nb8 52.
Rxh7 Nc6 53. e6 Kd8 54. Rxh4 Ke7 55. Re4 Nd8 56. h4 Nxe6 57. h5 Kf7 58. h6 Ng5
59. Rg4 Kf6 60. Rxg5 Kxg5 61. h7 1-0

[Event "Challenge"]
[Site "http://www.queenalice.com/game.php?id=971481"]
[Date "2011.8.11"]
[Round "-"]
[White "sbdias"]
[Black "bigtower"]
[Result "1/2-1/2"]
[WhiteElo "1717"]
[BlackElo "1625"]

1. e4 e5 2. Nf3 d6 3. Bb5+ Bd7 4. Nc3 Bxb5 5. Nxb5 a6 6. Nc3 Nc6 7. d4 exd4 8.
Nxd4 Nxd4 9. Qxd4 Nf6 10. O-O Be7 11. Qa4+ b5 12. Qb3 O-O 13. Re1 Re8 14. Nd5
Nxd5 15. Qxd5 Bf6 16. Bf4 Be5 17. Bc1 Qh4 18. h3 Rac8 19. Qc6 Bd4 20. Re2 Qh5
21. Kf1 Bb6 22. Bf4 Qc5 23. Qd5 Qxd5 24. exd5 Rxe2 25. Kxe2 Re8+ 26. Kf3 f6 27.
a4 bxa4 28. Rxa4 a5 29. Be3 Re5 30. c4 c5 1/2-1/2

[Event "Challenge"]
[Site "http://www.queenalice.com/game.php?id=972446"]
[Date "2011.8.14"]
[Round "-"]
[White "artkrup"]
[Black "sbdias"]
[Result "1/2-1/2"]
[WhiteElo "1679"]
[BlackElo "1713"]

1. e4 e5 2. Bc4 Nf6 3. Nc3 Nc6 4. Nf3 d6 5. Ng5 Be6 6. Nxe6 fxe6 7. Bxe6 Qe7 8.
Bd5 g6 9. Bxc6+ bxc6 10. d4 Qe6 11. d5 cxd5 12. exd5 Qf5 13. Nb5 Qe4+ 14. Kf1
Qc4+ 15. Qd3 Qc5 16. Be3 Qxd5 17. Nxc7+ Ke7 18. Nxd5+ Ke6 19. Nxf6 Kxf6 20.
Qxd6+ Bxd6 21. h4 Rhc8 22. c3 Rab8 23. Rb1 Rxc3 24. Ke2 Rc2+ 25. Kf3 Rcxb2 26.
Rxb2 Rxb2 27. Ra1 a5 28. Bg5+ Ke6 29. a4 Rb3+ 30. Be3 Be7 31. Kg4 Rb4+ 32. Kf3
Rxh4 33. g4 h5 34. g5 Kf5 35. Bb6 Bb4 36. Bd8 1/2-1/2

[Event "Challenge"]
[Site "http://www.queenalice.com/game.php?id=973168"]
[Date "2011.8.16"]
[Round "-"]
[White "gabriellima"]
[Black "sbdias"]
[Result "0-1"]
[WhiteElo "1583"]
[BlackElo "1639"]

1. e4 e5 2. Nf3 Nc6 3. Bb5 Nd4 4. Nxd4 exd4 5. O-O Bd6 6. d3 Nf6 7. Re1 Qe7 8.
f4 Bb4 9. Bd2 O-O 10. Bxb4 Qxb4 11. a4 Qxb2 12. Nd2 Qb4 13. Nf3 d6 14. Qd2 Qc5
15. Rec1 Bg4 16. h3 Bxf3 17. gxf3 Qh5 18. Qg2 c6 19. Bc4 d5 20. e5 Nd7 21. Bb3
Rfe8 22. Rcb1 f6 23. exf6 Nxf6 24. Ba2 Re7 25. Rb2 Qh4 26. Rab1 Rae8 27. Rxb7
Re1+ 28. Rxe1 Rxe1+ 29. Kh2 Qxf4+ 30. Qg3 Re2+ 31. Kg1 Qc1+ 32. Qe1 Qxe1# 0-1

[Event "Challenge"]
[Site "http://www.queenalice.com/game.php?id=975663"]
[Date "2011.8.22"]
[Round "-"]
[White "Netuno"]
[Black "sbdias"]
[Result "0-1"]
[WhiteElo "1734"]
[BlackElo "1673"]

1. e4 e5 2. Nf3 Nc6 3. Bb5 a6 4. Ba4 b5 5. Bb3 Nf6 6. d3 Bb4+ 7. Bd2 Qe7 8. Bxb4
Qxb4+ 9. Qd2 Qc5 10. Nc3 Ne7 11. Qg5 O-O 12. Qxe5 Qc6 13. Qd4 d6 14. h3 h6 15.
a4 Be6 16. Bxe6 fxe6 17. axb5 axb5 18. O-O e5 19. Qb4 Rab8 20. Ra5 Ng6 21. Rxb5
Qe8 22. Rxb8 Qxb8 23. Qxb8 Rxb8 24. b3 Ra8 25. Na4 Nf4 26. Re1 c5 27. Kh2 g5 28.
g3 Ne6 29. Nb6 Ra2 30. Re2 h5 31. Nc8 g4 32. hxg4 hxg4 33. Nh4 Nd4 34. Rd2 Nxb3
35. Re2 Nd4 36. Rd2 c4 37. Nxd6 c3 38. Rd1 Rxc2 39. Kg1 Rd2 0-1

[Event "Challenge"]
[Site "http://www.queenalice.com/game.php?id=984323"]
[Date "2011.9.12"]
[Round "-"]
[White "sbdias"]
[Black "josemsm"]
[Result "1-0"]
[WhiteElo "1698"]
[BlackElo "1649"]

1. d4 d5 2. Bf4 Nc6 3. Nf3 e6 4. e3 h6 5. Nc3 Bb4 6. Bb5 Bxc3+ 7. bxc3 Qd7 8.
Ne5 Qe7 9. Nxc6 Qa3 10. Nxa7+ Bd7 11. Bxd7+ Kxd7 12. Nb5 Qa5 13. a4 c6 14. Nd6
Qxc3+ 15. Ke2 Nf6 16. Nxf7 Rh7 17. Ne5+ Ke8 18. Rb1 Nd7 19. Rb3 Qa5 20. Nxd7
Qa6+ 21. Kf3 Kxd7 22. Qd3 Qxa4 23. Qxh7 c5 24. Qxg7+ Kc6 25. Qxb7# 1-0

[Event "Challenge"]
[Site "http://www.queenalice.com/game.php?id=985118"]
[Date "2011.9.14"]
[Round "-"]
[White "sbdias"]
[Black "sylviamm"]
[Result "1-0"]
[WhiteElo "1717"]
[BlackElo "1231"]

1. d4 Nc6 2. d5 Ne5 3. e4 d6 4. Nc3 g6 5. f4 Bg4 6. Qd4 c5 7. Qe3 Qd7 8. fxe5
dxe5 9. Bb5 Bh6 10. Bxd7+ Kxd7 11. Qxc5 b6 12. Qc6+ Kd8 13. Qxa8+ 1-0

[Event "Challenge"]
[Site "http://www.queenalice.com/game.php?id=986922"]
[Date "2011.9.18"]
[Round "-"]
[White "sbdias"]
[Black "Andrei_78"]
[Result "0-1"]
[WhiteElo "1715"]
[BlackElo "1788"]

1. d4 d5 2. Nf3 h6 3. Bf4 g5 4. Be5 f6 5. Bg3 e6 6. e3 a6 7. Bd3 b5 8. a4 Bb4+
9. c3 Bd6 10. Bg6+ Ke7 11. axb5 Bxg3 12. fxg3 Kf8 13. Bd3 c6 14. bxc6 Nxc6 15.
O-O Nge7 16. b4 Rb8 17. Bxa6 Bxa6 18. Rxa6 Qc8 19. Qd3 Nf5 20. b5 Nce7 0-1

[Event "Challenge"]
[Site "http://www.queenalice.com/game.php?id=987643"]
[Date "2011.9.20"]
[Round "-"]
[White "Netuno"]
[Black "sbdias"]
[Result "0-1"]
[WhiteElo "1744"]
[BlackElo "1711"]

1. e4 Nc6 2. d4 e5 3. dxe5 Nxe5 4. Nf3 Nxf3+ 5. Qxf3 Bc5 6. Bc4 Nf6 7. Bg5 h6 8.
Bxf6 Qxf6 9. Qxf6 gxf6 10. Rf1 d6 11. h3 Rg8 12. g4 Be6 13. Bd3 O-O-O 14. a3
Rde8 15. Nd2 f5 16. f3 fxg4 17. hxg4 f5 18. gxf5 Bxf5 19. O-O-O Bh3 20. Rh1 Bg2
21. Rxh6 Bxf3 22. Re1 Bg4 23. Nb3 Bf2 24. Reh1 Be3+ 25. Kb1 Bxh6 26. Rxh6 Be6
27. Nd4 Rg1+ 28. Bf1 Rxf1# 0-1

[Event "Challenge"]
[Site "http://www.queenalice.com/game.php?id=987956"]
[Date "2011.9.21"]
[Round "-"]
[White "josemsm"]
[Black "sbdias"]
[Result "0-1"]
[WhiteElo "1645"]
[BlackElo "1690"]

1. e4 e5 2. Nf3 Nc6 3. c4 Bc5 4. a3 Nf6 5. d3 Ng4 6. d4 Nxd4 7. Nxd4 Bxd4 8.
Qxg4 Qf6 9. f3 h5 10. Qg3 h4 11. Qg4 d6 12. Qg5 Qxg5 13. Bxg5 Bxb2 14. Ra2 Bd4
15. Rc2 f5 16. Bd3 f4 17. c5 Bxc5 18. Nc3 c6 19. a4 h3 20. g3 fxg3 21. hxg3 Bb4
22. Ke2 Be6 23. Nd1 Kd7 24. g4 d5 25. Nf2 h2 26. f4 Bd6 27. f5 Bf7 28. Kf1 d4
29. Bc4 Bxc4+ 30. Rxc4 b5 31. axb5 cxb5 32. Rc2 a5 33. Kg2 a4 34. Rxh2 Rxh2+ 35.
Kxh2 a3 36. Ra2 b4 37. Nd3 b3 38. Rf2 a2 39. Nc1 a1=Q 40. Nxb3 Rh8+ 41. Kg3 Qh1
42. Rg2 Rh3+ 43. Kf2 Qd1 44. Nc1 Rf3# 0-1

[Event "Challenge"]
[Site "http://www.queenalice.com/game.php?id=1000175"]
[Date "2011.10.22"]
[Round "-"]
[White "moe78"]
[Black "sbdias"]
[Result "1-0"]
[WhiteElo "1806"]
[BlackElo "1704"]

1. d4 d5 2. c4 e6 3. Nf3 Nf6 4. Bg5 Bb4+ 5. Nc3 dxc4 6. e4 h6 7. Bxf6 Qxf6 8.
Bxc4 O-O 9. O-O Nc6 10. e5 Qf4 11. Ne2 Qe4 12. Ng3 Qg6 13. Bd3 f5 14. exf6 Qxf6
15. Ne4 Qf4 16. Rc1 Bd6 17. Bb1 g5 18. Qd3 Nb4 19. Qb3 Nd5 20. Nxd6 cxd6 21.
Rce1 b6 22. Re4 Qf7 23. h4 Nf6 24. Re3 g4 25. Nd2 Ba6 26. Rfe1 Nd5 27. Ne4 Nxe3
28. Qxe3 Qg7 29. Nxd6 Rf6 30. b4 Raf8 31. a4 Bb7 32. Ba2 Bc6 33. Bxe6+ Kh8 34.
d5 Bxa4 35. b5 Rf4 36. Ne8 Qe7 37. Qe5+ R8f6 38. Nxf6 Qxf6 39. Qxf6+ Rxf6 40.
Ra1 Rf4 41. Bd7 Rd4 42. Bc6 a5 43. bxa6 1-0